Arsenic in the environment

Other Authors: Nriagu, Jerome O.
Language:English
Published: New York: Wiley, 1994.
Series:Advances in environmental science and technology; 26-27
Subjects:
LEADER 00938cam a2200241 7i4500
001 0000007050
005 20121118090000.0
008 121118s1994 enk eng
020 0 0 |a 0471304360 (pt. 2 : alk. paper)  
020 0 0 |a 0471579297 (pt.1-alk. paper)  
090 0 0 |a TD 180   |b .A7 1994 
245 0 0 |a Arsenic in the environment   |c edited by Jerome O. Nriagu. 
260 0 0 |a New York:   |b Wiley,   |c 1994. 
300 # # |a 2v.(various paging).;   |c 25cm.. 
490 0 0 |a Advances in environmental science and technology;   |v 26-27 
500 0 0 |a "A Wiley-Interscience publication" 
504 0 0 |a Includes bibliographical references and index 
650 0 0 |a Arsenic --   |x Environmental aspects  
700 1 1 |a Nriagu, Jerome O.  
740 0 0 |a Part I : Cycling and characterization 
740 0 0 |a Part II : Human health and ecosystem effects 
999 |a 1100001773  |b Book  |c Open Shelf  |e KOLEKSI TERBUKA 
999 |a 1000395540  |b Book  |c Open Shelf  |e KOLEKSI TERBUKA